[Event "9. LGA Premium Cup 2012"]
[Site "Nürnberg"]
[Date "2012.09.07"]
[Round "3.45"]
[White "Holzhäuer, Mathias"]
[Black "Steinmüller, Alexander"]
[Result "1-0"]
[WhiteElo "2274"]
[BlackElo "2068"]
[PlyCount "45"]
[EventDate "2012.??.??"]
[WhiteTeam "SK Schmiden/Cannstatt"]
[BlackTeam "SV Puschendorf 1949 e.V."]

1. e4 e6 2. Nf3 d5 3. e5 c5 4. b4 b6 5. c3 a5 6. b5 Nd7 7. d4 f6 8. Bd3 fxe5 9.
dxe5 Be7 10. O-O Bb7 11. a4 Qc7 12. Re1 O-O-O 13. Ng5 Bxg5 14. Bxg5 Re8 15. Bf4
Nh6 16. h3 Nf7 17. Bg3 Reg8 18. c4 Nd8 19. cxd5 Bxd5 20. Nc3 Qb7 21. Nxd5 Qxd5
22. Qc2 Qd4 23. Bc4 1-0

[Event "9. LGA Premium Cup 2012"]
[Site "Nürnberg"]
[Date "2012.09.07"]
[Round "3.46"]
[White "Luther, Helmut"]
[Black "Schatz, Christian"]
[Result "1/2-1/2"]
[WhiteElo "2017"]
[BlackElo "2222"]
[PlyCount "48"]
[EventDate "2012.??.??"]
[WhiteTeam "SW Nürnberg Süd e.V."]
[BlackTeam "Schachzentrum Fürth 2002"]

1. d4 g6 2. c4 Bg7 3. e4 d6 4. Nc3 Nf6 5. f3 O-O 6. Bg5 h6 7. Be3 Nc6 8. Nge2
a6 9. Qd2 Kh7 10. g4 b5 11. Ng3 e5 12. d5 Nd4 13. Be2 bxc4 14. h4 Nd7 15. h5 g5
16. Nf5 Nxe2 17. Qxe2 Nb6 18. Bxb6 cxb6 19. Qxc4 Bd7 20. Qb4 Bxf5 21. exf5 Qc7
22. Ne4 Rfd8 23. O-O b5 24. Rac1 Qb6+ 1/2-1/2

[Event "9. LGA Premium Cup 2012"]
[Site "Nürnberg"]
[Date "2012.09.07"]
[Round "3.47"]
[White "Konsek, Peter"]
[Black "Löw, Gerald"]
[Result "0-1"]
[WhiteElo "2075"]
[BlackElo "2270"]
[PlyCount "66"]
[EventDate "2012.??.??"]
[WhiteTeam "SW Nürnberg Süd e.V."]
[BlackTeam "TSV Bindlach Aktionär-Schachabte"]

1. e4 c5 2. Nc3 g6 3. g3 Bg7 4. Bg2 Nc6 5. d3 d6 6. Be3 Rb8 7. Qd2 b5 8. Nge2
b4 9. Nd1 Qb6 10. O-O Nd4 11. Nc1 a5 12. c3 bxc3 13. bxc3 Nc6 14. Ne2 Ne5 15.
f4 Ng4 16. Rc1 N8f6 17. h3 Nxe3 18. Nxe3 O-O 19. d4 Ba6 20. d5 Nd7 21. Rfd1 Qb2
22. Rc2 Qa3 23. e5 Rb6 24. e6 Nf6 25. f5 Rfb8 26. exf7+ Kxf7 27. fxg6+ hxg6 28.
Nf4 Rb2 29. Ra1 Bh6 30. c4 Rxc2 31. Nxc2 Qxg3 32. Rf1 Bxc4 33. Rf3 Rb1+ 0-1

[Event "9. LGA Premium Cup 2012"]
[Site "Nürnberg"]
[Date "2012.09.07"]
[Round "3.48"]
[White "Schuster, Karsten"]
[Black "Nuber, Helene"]
[Result "1-0"]
[WhiteElo "2266"]
[BlackElo "2060"]
[PlyCount "83"]
[EventDate "2012.??.??"]
[WhiteTeam "SC Gröbenzell"]
[BlackTeam "SC Dillingen"]

1. d4 e6 2. c4 d5 3. Nc3 Be7 4. Nf3 Nf6 5. Bg5 c6 6. cxd5 exd5 7. Qc2 Nbd7 8.
e3 O-O 9. Bd3 Re8 10. O-O Nf8 11. h3 g6 12. Bf4 Ne6 13. Be5 Ng7 14. Rab1 b6 15.
b4 Bb7 16. Rfd1 Bd6 17. b5 Bxe5 18. bxc6 Bh2+ 19. Kxh2 Bxc6 20. Ne5 Qd6 21. Kg1
Rec8 22. Qb3 Be8 23. Rdc1 Ne6 24. Rc2 Nd8 25. Ba6 Rc7 26. Rbc1 Nb7 27. Nxd5
Rxc2 28. Nxf6+ Qxf6 29. Rxc2 Na5 30. Qd5 Rd8 31. Ng4 Qe7 32. Qe5 Qxe5 33. Nxe5
f6 34. Ng4 Kg7 35. f3 Ba4 36. Rc3 Rd7 37. Nf2 Kf7 38. Ne4 Ke7 39. Bc8 Rd5 40.
Rc7+ Kd8 41. Rc1 Ke7 42. Nc3 1-0

[Event "9. LGA Premium Cup 2012"]
[Site "Nürnberg"]
[Date "2012.09.07"]
[Round "3.50"]
[White "Carow, Annelen"]
[Black "Koch, Moritz"]
[Result "1-0"]
[WhiteElo "1968"]
[BlackElo "2261"]
[PlyCount "67"]
[EventDate "2012.??.??"]
[WhiteTeam "Sfr.Heidesheim"]
[BlackTeam "SV Puschendorf 1949 e.V."]

1. d4 f5 2. c4 Nf6 3. Nf3 g6 4. g3 Bg7 5. Bg2 O-O 6. O-O d6 7. Nc3 Qe8 8. b3 e5
9. dxe5 dxe5 10. e4 f4 11. gxf4 Nh5 12. Nb5 Rf7 13. Nxe5 Bxe5 14. fxe5 a6 15.
Na3 Qxe5 16. Qd8+ Rf8 17. Qd5+ Qe6 18. Bh6 Re8 19. Nc2 Nc6 20. Rad1 Ne5 21. Bc1
Nf7 22. Qxe6 Bxe6 23. Nd4 Bg4 24. f3 Bd7 25. Ne2 Be6 26. Ng3 Nf6 27. Bb2 Nd7
28. Ne2 Nde5 29. Nf4 c6 30. Nxe6 Rxe6 31. Bh3 Nxf3+ 32. Rxf3 Rxe4 33. Rd7 Re1+
34. Bf1 1-0

[Event "9. LGA Premium Cup 2012"]
[Site "Nürnberg"]
[Date "2012.09.07"]
[Round "3.51"]
[White "Kvetny, Mark"]
[Black "Roß, Thomas"]
[Result "1-0"]
[WhiteElo "2245"]
[BlackElo "2035"]
[PlyCount "71"]
[EventDate "2012.??.??"]
[WhiteTeam "Stuttgarter SF 1879"]
[BlackTeam "SG Büchenbach/Roth e.V."]

1. d4 d6 2. Nf3 Nf6 3. c4 Nbd7 4. Nc3 e5 5. e4 Be7 6. Be2 O-O 7. O-O c6 8. Be3
a6 9. d5 Qc7 10. Ne1 Nc5 11. f3 Nh5 12. b4 Nd7 13. Nd3 g6 14. Qd2 Kh8 15. Bh6
Rg8 16. f4 Nxf4 17. Nxf4 exf4 18. Bxf4 c5 19. a3 b6 20. Bg3 f6 21. h4 Qd8 22.
Nd1 Qe8 23. Ne3 Ne5 24. Qb2 Bd7 25. Rf2 Rb8 26. Raf1 Kg7 27. h5 Kh8 28. Rxf6
gxh5 29. Bxe5 dxe5 30. Qxe5 Bxf6 31. Qxf6+ Rg7 32. e5 Qe7 33. e6 Ba4 34. Qe5
Rf8 35. Rxf8+ Qxf8 36. Nf5 1-0

[Event "9. LGA Premium Cup 2012"]
[Site "Nürnberg"]
[Date "2012.09.07"]
[Round "3.52"]
[White "Bartsch, Berthold"]
[Black "Werner, Thomas"]
[Result "1-0"]
[WhiteElo "2249"]
[BlackElo "2022"]
[PlyCount "61"]
[EventDate "2012.??.??"]
[WhiteTeam "SC Forchheim e.V."]
[BlackTeam "SW Nürnberg Süd e.V."]

1. e4 c6 2. c4 d5 3. exd5 cxd5 4. cxd5 Nf6 5. Bb5+ Nbd7 6. Nc3 a6 7. Be2 Nb6 8.
Bf3 Nfxd5 9. Nxd5 Nxd5 10. Ne2 e6 11. O-O b5 12. a4 b4 13. d4 Bb7 14. Nf4 Qd7
15. Nh5 O-O-O 16. Nf4 Be7 17. Bd2 g5 18. Nd3 f6 19. Qe2 a5 20. Rfc1+ Nc7 21.
Be3 Bxf3 22. gxf3 Qd5 23. Rc2 Kd7 24. Rac1 Bd6 25. Nc5+ Ke7 26. Ne4 Ne8 27.
Nxd6 Nxd6 28. Rc5 Qa8 29. d5 e5 30. Bxg5 Rhg8 31. Qxe5+ 1-0

[Event "9. LGA Premium Cup 2012"]
[Site "Nürnberg"]
[Date "2012.09.07"]
[Round "3.54"]
[White "Göbel, Constantin"]
[Black "Fiedler, Wolfgang"]
[Result "1-0"]
[WhiteElo "2231"]
[BlackElo "2016"]
[PlyCount "59"]
[EventDate "2012.??.??"]
[WhiteTeam "TSV Schott Mainz"]
[BlackTeam "SK Zirndorf e.V."]

1. e4 c5 2. Nf3 Nc6 3. d4 cxd4 4. Nxd4 e5 5. Nb5 a6 6. Nd6+ Bxd6 7. Qxd6 Qf6 8.
Qc7 Qe7 9. Nc3 Nf6 10. Bg5 O-O 11. Qb6 Qb4 12. Qxb4 Nxb4 13. O-O-O d5 14. Bxf6
gxf6 15. exd5 Bf5 16. Rd2 a5 17. g4 Bg6 18. f4 exf4 19. a3 Na6 20. Bxa6 Rxa6
21. Rf1 f5 22. gxf5 Bxf5 23. Rxf4 Bg6 24. Nb5 Rd8 25. c4 a4 26. Re2 Rc8 27. Re3
Rb6 28. Nc3 Rb3 29. d6 Rd8 30. c5 1-0

[Event "9. LGA Premium Cup 2012"]
[Site "Nürnberg"]
[Date "2012.09.07"]
[Round "3.55"]
[White "Kahlert, Thomas"]
[Black "Siegel, Adrian"]
[Result "1-0"]
[WhiteElo "2229"]
[BlackElo "2015"]
[PlyCount "55"]
[EventDate "2012.??.??"]
[WhiteTeam "SK Norderstedt von 1975"]
[BlackTeam "SUI"]

1. c4 e5 2. Nc3 Bb4 3. Nd5 Be7 4. g3 d6 5. Bg2 c6 6. Nxe7 Nxe7 7. d4 Be6 8. b3
O-O 9. Bb2 Ng6 10. dxe5 dxe5 11. Qxd8 Rxd8 12. Nf3 f6 13. Nd2 Na6 14. O-O-O Rd7
15. Ne4 Rad8 16. Ba3 b6 17. Nd6 c5 18. Nb5 Nb8 19. Nxa7 Ne7 20. Nb5 Nbc6 21.
Rxd7 Rxd7 22. Rd1 Nd4 23. Nc3 Bg4 24. Rd2 Kf8 25. e3 Ndc6 26. Rxd7 Bxd7 27. Na4
Nb4 28. Nxb6 1-0

[Event "9. LGA Premium Cup 2012"]
[Site "Nürnberg"]
[Date "2012.09.07"]
[Round "3.56"]
[White "Mader, Manuela"]
[Black "Stabernack, Joschi"]
[Result "1-0"]
[WhiteElo "2222"]
[BlackElo "1970"]
[PlyCount "79"]
[EventDate "2012.??.??"]
[WhiteTeam "SK 1926 Ettlingen"]
[BlackTeam "Kasseler SK 1876"]

1. e4 e5 2. Nf3 Nf6 3. Nxe5 Nxe4 4. Qe2 Qe7 5. Qxe4 d6 6. d4 dxe5 7. Qxe5 Qxe5+
8. dxe5 Bf5 9. Bb5+ Nd7 10. Bxd7+ Kxd7 11. O-O Bxc2 12. Nc3 c5 13. Bf4 Kc6 14.
Rac1 Bd3 15. Rfd1 c4 16. a4 Be7 17. Nb5 Rhd8 18. g3 a6 19. Nd6 Bxd6 20. Rxd3
Bc5 21. Rxd8 Rxd8 22. Rxc4 Rd4 23. Rxc5+ Kxc5 24. Be3 Kd5 25. Bxd4 Kxd4 26. f4
Kd5 27. Kf2 f6 28. exf6 gxf6 29. Kf3 b5 30. axb5 axb5 31. g4 Kc4 32. f5 Kd5 33.
Kf4 h6 34. h4 Kd6 35. g5 fxg5+ 36. hxg5 hxg5+ 37. Kxg5 Ke7 38. Kg6 Kf8 39. Kf6
b4 40. b3 1-0

[Event "9. LGA Premium Cup 2012"]
[Site "Nürnberg"]
[Date "2012.09.07"]
[Round "3.57"]
[White "Mann, Johannes"]
[Black "Reis, Gerhard"]
[Result "0-1"]
[WhiteElo "1869"]
[BlackElo "2215"]
[PlyCount "104"]
[EventDate "2012.??.??"]
[WhiteTeam "SC Forchheim e.V."]
[BlackTeam "SW Nürnberg Süd e.V."]

1. e4 d5 2. exd5 Qxd5 3. Qf3 Qxf3 4. Nxf3 Bf5 5. c3 Nf6 6. d4 e6 7. Bf4 Bd6 8.
Bxd6 cxd6 9. Nbd2 h6 10. Nc4 Ke7 11. Be2 Nbd7 12. O-O Rhc8 13. Rfe1 d5 14. Nce5
Rc7 15. Rad1 Rac8 16. Bd3 Bxd3 17. Rxd3 b5 18. Nd2 b4 19. Nxd7 Nxd7 20. Ree3
bxc3 21. Rxc3 Nb6 22. g3 Rxc3 23. Rxc3 Rxc3 24. bxc3 Kd6 25. Kf1 Kc6 26. Ke2
Kb5 27. Kd3 Ka4 28. Nb1 Nc4 29. h3 a5 30. f3 f6 31. f4 Nd6 32. Nd2 Ka3 33. Nb3
Nc4 34. Nc5 Kxa2 35. Nxe6 Kb2 36. Nc5 Nb6 37. f5 a4 38. Nxa4+ Nxa4 39. c4 Nb6
40. cxd5 Nxd5 41. Ke4 Nc3+ 42. Kf3 h5 43. g4 Kb3 44. gxh5 Kc4 45. h6 gxh6 46.
Kg4 Kxd4 47. Kh5 Ke5 48. Kxh6 Kxf5 49. h4 Nd5 50. Kg7 Kg4 51. Kg6 f5 52. h5
Nf4+ 0-1

[Event "9. LGA Premium Cup 2012"]
[Site "Nürnberg"]
[Date "2012.09.07"]
[Round "3.58"]
[White "Mehringer, Jörg"]
[Black "Appel, Helmut"]
[Result "0-1"]
[WhiteElo "1851"]
[BlackElo "2212"]
[PlyCount "76"]
[EventDate "2012.??.??"]
[WhiteTeam "SC Weisse Dame e.V."]
[BlackTeam "TSV Kareth-Lappersdorf"]

1. e4 e5 2. Nf3 Nc6 3. Bc4 Nf6 4. Ng5 d5 5. exd5 Na5 6. Bb5+ c6 7. dxc6 bxc6 8.
Qf3 Rb8 9. Bxc6+ Nxc6 10. Qxc6+ Nd7 11. d3 Be7 12. Ne4 Rb6 13. Qa4 O-O 14. O-O
f5 15. Nec3 Nc5 16. Qxa7 Bb7 17. Qa5 Bxg2 18. Re1 Bf3 19. Kf1 f4 20. Nd2 Bg2+
21. Ke2 Rff6 22. f3 Qd7 23. Qa8+ Kf7 24. Qd5+ Qe6 25. Qxe6+ Nxe6 26. Nd5 Nd4+
27. Kd1 Nxf3 28. Nxb6 Rxb6 29. Nxf3 Bxf3+ 30. Kd2 Rh6 31. Rxe5 Bb4+ 32. c3
Rxh2+ 33. Ke1 Bd6 34. Ra5 Ke6 35. Ra6 g5 36. b3 Kd7 37. a4 Bb8 38. Ra8 Bxa8 0-1

[Event "9. LGA Premium Cup 2012"]
[Site "Nürnberg"]
[Date "2012.09.07"]
[Round "3.59"]
[White "Krauseneck, Peter"]
[Black "Winterholler, Christina"]
[Result "0-1"]
[WhiteElo "2212"]
[BlackElo "1856"]
[PlyCount "50"]
[EventDate "2012.??.??"]
[WhiteTeam "SC 1868 Bamberg"]
[BlackTeam "SK Ingolstadt"]

1. e4 e5 2. f4 exf4 3. Bc4 Be7 4. d4 Bh4+ 5. Kf1 Nf6 6. e5 Ne4 7. Qf3 d5 8.
exd6 Nxd6 9. Bb3 O-O 10. Bxf4 Re8 11. Nd2 Qe7 12. Ne2 b6 13. Bxd6 cxd6 14. Bd5
Ba6 15. c4 b5 16. b3 bxc4 17. bxc4 Nd7 18. Bxa8 Nb6 19. Bc6 Rc8 20. Bb5 Bb7 21.
Qd3 a6 22. Rb1 axb5 23. Rxb5 Nxc4 24. Nxc4 Rxc4 25. Rxb7 Rc1+ 0-1

[Event "9. LGA Premium Cup 2012"]
[Site "Nürnberg"]
[Date "2012.09.07"]
[Round "3.60"]
[White "Wettermann, Bernd"]
[Black "Heimrath, Reiner"]
[Result "0-1"]
[WhiteElo "1741"]
[BlackElo "2205"]
[PlyCount "94"]
[EventDate "2012.??.??"]
[WhiteTeam "FC Konradsreuth"]
[BlackTeam "SC Noris-Tarrasch Nürnberg 1873"]

1. e4 c5 2. f4 d5 3. Bb5+ Bd7 4. Bxd7+ Qxd7 5. exd5 Qxd5 6. Qf3 Qd7 7. Ne2 e6
8. O-O Nc6 9. Nbc3 Nf6 10. a3 Be7 11. d3 O-O 12. Ne4 Rac8 13. c3 Rfd8 14. Nf2
Na5 15. Be3 Qd5 16. Qg3 Qh5 17. Rae1 b5 18. Nc1 Nd5 19. Ng4 Qg6 20. Qh3 Nc6 21.
Rf3 f5 22. Ne5 Nxe5 23. fxe5 Nxe3 24. Rfxe3 Bg5 25. R3e2 Qh6 26. Qxh6 Bxh6 27.
Kf2 Bxc1 28. Rxc1 Rxd3 29. Rcc2 c4 30. Ke1 Rc5 31. Rcd2 Rdd5 32. Rxd5 Rxd5 33.
Kf2 g5 34. h3 Kg7 35. Kf3 Kg6 36. g4 h5 37. Kg3 Rd3+ 38. Kg2 a6 39. Rf2 hxg4
40. hxg4 Re3 41. gxf5+ exf5 42. Rd2 Rxe5 43. Rd6+ Kh5 44. Kf3 a5 45. Ra6 a4 46.
Ra8 Rd5 47. Rh8+ Kg6 0-1

[Event "9. LGA Premium Cup 2012"]
[Site "Nürnberg"]
[Date "2012.09.07"]
[Round "3.61"]
[White "Dreiseitel, Werner"]
[Black "Welz, Thomas"]
[Result "0-1"]
[WhiteElo "1584"]
[BlackElo "2204"]
[PlyCount "60"]
[EventDate "2012.??.??"]
[WhiteTeam "SC Noris-Tarrasch Nürnberg 1873"]
[BlackTeam "SC Eppingen"]

1. d4 d5 2. c4 e6 3. Nc3 Nf6 4. Bg5 c6 5. Nf3 Nbd7 6. Nd2 Be7 7. e3 O-O 8. Bd3
a6 9. O-O dxc4 10. Bxc4 b5 11. Bd3 c5 12. dxc5 Nxc5 13. Be2 Bb7 14. Bf3 Qb6 15.
Bxb7 Qxb7 16. Qf3 Qxf3 17. Nxf3 h6 18. Bf4 Nd3 19. Be5 Nd7 20. Bg3 Nxb2 21. Ne2
Rac8 22. Ned4 Nc5 23. Rab1 Nc4 24. Rfd1 Ne4 25. Rbc1 Ba3 26. Rc2 Rfd8 27. Ne5
Nxg3 28. Nxc4 Rxc4 29. Rxc4 bxc4 30. hxg3 e5 0-1

[Event "9. LGA Premium Cup 2012"]
[Site "Nürnberg"]
[Date "2012.09.07"]
[Round "3.63"]
[White "Bauer, Andreas"]
[Black "Nieke, Karl-Friedrich"]
[Result "1-0"]
[WhiteElo "2195"]
[BlackElo "1528"]
[PlyCount "69"]
[EventDate "2012.??.??"]
[WhiteTeam "SC Postbauer-Heng e.V"]
[BlackTeam "SK Lauffen"]

1. Nf3 d5 2. g3 c6 3. Bg2 Nf6 4. O-O e6 5. d4 Be7 6. Nbd2 O-O 7. b3 Nbd7 8. Bb2
Re8 9. Ne5 a5 10. a4 Nf8 11. e4 Nxe4 12. Nxe4 dxe4 13. Bxe4 Bf6 14. Qf3 Qc7 15.
Rad1 Ng6 16. Qh5 c5 17. f4 Rb8 18. g4 cxd4 19. Bxd4 Nf8 20. g5 g6 21. Qf3 Bg7
22. Ba7 Ra8 23. Qe3 Nd7 24. Nxd7 Bxd7 25. Bb6 Qc8 26. Rd4 Bc6 27. Rc4 Qd7 28.
Qd3 Qxd3 29. cxd3 Bd5 30. Bxd5 exd5 31. Rc7 Re2 32. Rxb7 Rc8 33. Rf2 Rc1+ 34.
Kg2 Rxf2+ 35. Kxf2 1-0

[Event "9. LGA Premium Cup 2012"]
[Site "Nürnberg"]
[Date "2012.09.07"]
[Round "3.64"]
[White "Liepold, Stefan"]
[Black "Reimold, Jonas"]
[Result "1-0"]
[WhiteElo "2161"]
[BlackElo "2046"]
[PlyCount "69"]
[EventDate "2012.??.??"]
[WhiteTeam "SC Erlangen 48/88 e.V."]
[BlackTeam "SC Eppingen"]

1. e4 e5 2. Nf3 Nf6 3. Nxe5 d6 4. Nf3 Nxe4 5. c4 c6 6. Nc3 Nxc3 7. dxc3 Be7 8.
Bf4 O-O 9. Be2 Bf5 10. Qd2 Qb6 11. O-O Rd8 12. Rfe1 d5 13. Bf1 Be4 14. Ng5 Bxg5
15. Bxg5 f6 16. c5 Qxc5 17. Bxf6 Rd7 18. Bd4 Qf8 19. b4 b6 20. Rad1 Bg6 21. Be5
Rd8 22. Bc7 Rd7 23. Bg3 Rd8 24. Bh4 Rd7 25. Be2 Bf5 26. Bf3 b5 27. Re3 Na6 28.
Qe2 Nc7 29. Re1 a5 30. Be7 Qf7 31. Re5 axb4 32. cxb4 Na6 33. Rxf5 Qxf5 34. Bg4
Qf7 35. Be6 1-0

[Event "9. LGA Premium Cup 2012"]
[Site "Nürnberg"]
[Date "2012.09.07"]
[Round "3.65"]
[White "Schlötterer, Hermann"]
[Black "Stein, Marco"]
[Result "0-1"]
[WhiteElo "1933"]
[BlackElo "2149"]
[PlyCount "72"]
[EventDate "2012.??.??"]
[WhiteTeam "Spvg Zabo-Eintracht Nürnberg e.V"]
[BlackTeam "SK Marktoberdorf"]

1. d4 d5 2. g3 Nf6 3. Bg2 e6 4. Nf3 Be7 5. O-O O-O 6. c4 dxc4 7. Ne5 Nc6 8.
Nxc6 bxc6 9. Bxc6 Rb8 10. Nc3 Bb7 11. Bxb7 Rxb7 12. e4 c5 13. d5 Rd7 14. Qe2
exd5 15. exd5 Nxd5 16. Qxc4 Nxc3 17. Qxc3 Rd3 18. Qc2 Qd5 19. Re1 Rd8 20. Be3
h5 21. h4 a5 22. b3 Bf6 23. Rac1 Bc3 24. Re2 a4 25. Bf4 axb3 26. axb3 Qf3 27.
Rf1 Bd4 28. Bc7 Rc8 29. Bd6 g6 30. b4 Rc6 31. Re8+ Kh7 32. Bf4 cxb4 33. Qb3 Rf6
34. Re7 Rxf4 35. gxf4 Qg3+ 36. Kh1 Qh3+ 0-1

[Event "9. LGA Premium Cup 2012"]
[Site "Nürnberg"]
[Date "2012.09.07"]
[Round "3.66"]
[White "Ortpaul, Mario"]
[Black "Lodes, Hermann"]
[Result "1/2-1/2"]
[WhiteElo "1947"]
[BlackElo "2132"]
[PlyCount "42"]
[EventDate "2012.??.??"]
[WhiteTeam "Schachklub Werther 1949 e.V."]
[BlackTeam "SF Burgsinn"]

1. e4 c6 2. d4 d5 3. exd5 cxd5 4. Bd3 g6 5. c3 Bg7 6. Bf4 Nc6 7. Nf3 Nf6 8.
Nbd2 O-O 9. h3 Nd7 10. O-O e5 11. dxe5 Ndxe5 12. Nxe5 Nxe5 13. Bc2 Nc6 14. Nf3
d4 15. cxd4 Nxd4 16. Nxd4 Qxd4 17. Qxd4 Bxd4 18. Rad1 Bf6 19. b3 a5 20. Rfe1
Kg7 21. Be5 Ra6 1/2-1/2

[Event "9. LGA Premium Cup 2012"]
[Site "Nürnberg"]
[Date "2012.09.07"]
[Round "3.67"]
[White "Braun, Michael"]
[Black "Karasek, Christian"]
[Result "0-1"]
[WhiteElo "1855"]
[BlackElo "2108"]
[PlyCount "74"]
[EventDate "2012.??.??"]
[WhiteTeam "SG Büchenbach/Roth e.V."]
[BlackTeam "SC Noris-Tarrasch Nürnberg 1873"]

1. d4 g6 2. c4 Bg7 3. Nf3 d6 4. Nc3 Bg4 5. e3 Nc6 6. Be2 Bd7 7. e4 e5 8. d5
Nce7 9. O-O Nh6 10. Ne1 f5 11. f3 Nf7 12. b4 O-O 13. Nd3 g5 14. g4 fxg4 15.
fxg4 Ng6 16. Be3 Nf4 17. Nf2 Nh8 18. Nh1 Qc8 19. Bf3 Nh3+ 20. Kg2 Rxf3 21. Qxf3
Bxg4 22. Qg3 Ng6 23. Rfc1 Qd7 24. Nf2 Nh4+ 25. Kf1 Rf8 26. Ke1 Nf3+ 27. Kd1
Nxf2+ 28. Bxf2 Nd4+ 29. Kd2 Rf3 30. Qg1 Rf4 31. Qg3 h5 32. Bxd4 exd4 33. Ne2
Rxe4 34. Ng1 Be5 35. Qg2 Bf4+ 36. Kc2 Qa4+ 37. Kd3 Bf5 0-1

[Event "9. LGA Premium Cup 2012"]
[Site "Nürnberg"]
[Date "2012.09.07"]
[Round "3.68"]
[White "Willim, Michael"]
[Black "Hirschberg, Leander"]
[Result "0-1"]
[WhiteElo "2107"]
[BlackElo "1726"]
[PlyCount "68"]
[EventDate "2012.??.??"]
[WhiteTeam "SC Erlangen 48/88 e.V."]
[BlackTeam "SV Pfinztal e. V."]

1. c4 c5 2. g3 Nf6 3. Bg2 d5 4. cxd5 Nxd5 5. Nc3 Nc7 6. Nf3 Nc6 7. O-O e5 8. d3
Be7 9. Nd2 Bd7 10. Nc4 f6 11. f4 exf4 12. Bxf4 O-O 13. Rc1 Rc8 14. Nd6 Bxd6 15.
Bxd6 Re8 16. Bxc5 b6 17. Bf2 Kh8 18. e4 Ne5 19. h3 Nb5 20. d4 Nc4 21. Qb3 Nd2
22. Qd1 Nxf1 23. Qxf1 Nxc3 24. bxc3 Qc7 25. Qd3 Qc4 26. Qb1 Re7 27. d5 Be8 28.
Bd4 Bg6 29. Re1 Rce8 30. Qc2 Qxd5 31. Qa4 Qd7 32. Qxd7 Rxd7 33. e5 fxe5 34. Bc6
exd4 0-1

[Event "9. LGA Premium Cup 2012"]
[Site "Nürnberg"]
[Date "2012.09.07"]
[Round "3.69"]
[White "Baskin, Robert"]
[Black "Rausch, Wolfgang sr"]
[Result "1-0"]
[WhiteElo "2070"]
[BlackElo "1875"]
[PlyCount "51"]
[EventDate "2012.??.??"]
[WhiteTeam "SAbt TuS Makkabi Ffm"]
[BlackTeam "SC Noris-Tarrasch Nürnberg 1873"]

1. e4 Nf6 2. e5 Nd5 3. d4 d6 4. Nf3 Bg4 5. Be2 e6 6. O-O Be7 7. c4 Nb6 8. Nc3
dxe5 9. Nxe5 Bxe2 10. Nxe2 c5 11. Be3 cxd4 12. Bxd4 O-O 13. Qb3 Qc7 14. Nc3
N8d7 15. Nb5 Qb8 16. Qg3 Bf6 17. Nxd7 Nxd7 18. Qxb8 Raxb8 19. Bxf6 Nxf6 20.
Nxa7 Rfd8 21. Rfd1 Kf8 22. Nb5 Ke7 23. Kf1 Ra8 24. Nc3 Ng4 25. h3 Ne5 26. b3
1-0

[Event "9. LGA Premium Cup 2012"]
[Site "Nürnberg"]
[Date "2012.09.07"]
[Round "3.70"]
[White "Eber, Fabian"]
[Black "Schweisgut, Jens"]
[Result "1-0"]
[WhiteElo "1986"]
[BlackElo "1762"]
[PlyCount "81"]
[EventDate "2012.??.??"]
[WhiteTeam "SF Wilhermsdorf e.V."]
[BlackTeam "SV Alsfeld"]

1. e4 d5 2. exd5 Nf6 3. c4 c6 4. dxc6 Nxc6 5. Nc3 e5 6. d3 Bc5 7. Be3 Bxe3 8.
fxe3 Qb6 9. Qd2 O-O 10. O-O-O Rd8 11. e4 Be6 12. Nd5 Qc5 13. Kb1 Ng4 14. Nh3
Rac8 15. Be2 Nd4 16. Rdf1 Nxe2 17. Qxe2 h6 18. Rf3 b5 19. b3 bxc4 20. dxc4 Rb8
21. Rd1 f6 22. Nf2 Nxf2 23. Qxf2 Qxf2 24. Rxf2 Kf7 25. h3 a5 26. Rfd2 Rdc8 27.
Kc2 a4 28. Ne3 axb3+ 29. axb3 Ra8 30. Nd5 Rc6 31. Kc3 Rac8 32. Ra1 Bxd5 33.
Ra7+ Kf8 34. Rxd5 R8c7 35. Rxc7 Rxc7 36. b4 Ke7 37. b5 Ke6 38. b6 Rb7 39. c5 f5
40. Rd6+ Ke7 41. exf5 1-0

[Event "9. LGA Premium Cup 2012"]
[Site "Nürnberg"]
[Date "2012.09.07"]
[Round "3.71"]
[White "Beesk, Kevin"]
[Black "Martin Fernandez, Rodrigo"]
[Result "1-0"]
[WhiteElo "1822"]
[BlackElo "2156"]
[PlyCount "63"]
[EventDate "2012.??.??"]
[WhiteTeam "SK Neumarkt e.V."]
[BlackTeam "SC Erlangen 48/88 e.V."]

1. Nc3 Nf6 2. e4 d6 3. d4 g6 4. Be3 Bg7 5. Qd2 O-O 6. O-O-O Nbd7 7. f3 c6 8.
Kb1 b5 9. g4 Nb6 10. h4 b4 11. Nce2 Nc4 12. Qc1 Nxe3 13. Qxe3 Qb6 14. h5 e5 15.
Qd2 Be6 16. Ng3 exd4 17. hxg6 hxg6 18. Qh2 Rfd8 19. N1e2 c5 20. Nf4 d5 21. Be2
dxe4 22. Nxe4 Nxe4 23. fxe4 Kf8 24. Rhf1 Ke8 25. Qh7 Be5 26. Bb5+ Ke7 27. Nxg6+
Kd6 28. Nxe5 Qxb5 29. Nxf7+ Bxf7 30. Rxf7 Rd7 31. e5+ Ke6 32. Qf5+ 1-0

[Event "9. LGA Premium Cup 2012"]
[Site "Nürnberg"]
[Date "2012.09.07"]
[Round "3.72"]
[White "Schubert, Dieter"]
[Black "Zahn, Alina"]
[Result "1/2-1/2"]
[WhiteElo "2094"]
[BlackElo "1884"]
[PlyCount "79"]
[EventDate "2012.??.??"]
[WhiteTeam "SV Puschendorf 1949 e.V."]
[BlackTeam "SV Empor Erfurt"]

1. d4 d5 2. c4 e6 3. Nc3 Nf6 4. Bg5 Nbd7 5. cxd5 exd5 6. e3 Be7 7. Bd3 c6 8.
Qc2 O-O 9. Nf3 Re8 10. h3 Nf8 11. O-O-O a5 12. Kb1 a4 13. g4 b5 14. Bxf6 Bxf6
15. Rdg1 Ba6 16. g5 Be7 17. Ne2 Qb6 18. Nf4 b4 19. Qe2 Bd6 20. Nh5 c5 21. dxc5
Bxc5 22. Bxa6 Rxa6 23. Nf4 d4 24. e4 Qb7 25. Nd3 Ba7 26. Nd2 Rc6 27. Rc1 Rec8
28. Rxc6 Rxc6 29. Rc1 Rxc1+ 30. Nxc1 Ne6 31. h4 Nf4 32. Qc4 g6 33. Nd3 Nxd3 34.
Qxd3 Qc6 35. Nc4 Qe6 36. Nd2 Qg4 37. Nf3 Qh3 38. Kc2 Qg2 39. Qe2 Qh3 40. Qd3
1/2-1/2

[Event "9. LGA Premium Cup 2012"]
[Site "Nürnberg"]
[Date "2012.09.07"]
[Round "3.73"]
[White "Hirschinger, Thomas"]
[Black "Hirschmann, Jakob"]
[Result "1/2-1/2"]
[WhiteElo "2083"]
[BlackElo "1897"]
[PlyCount "78"]
[EventDate "2012.??.??"]
[WhiteTeam "SK Landau"]
[BlackTeam "SG Reil-Kinheim"]

1. Nf3 Nf6 2. b3 d5 3. Bb2 Bf5 4. g3 Nbd7 5. d4 e6 6. Bg2 h6 7. O-O Be7 8. Nbd2
O-O 9. Ne5 c6 10. Nd3 Rc8 11. c4 Re8 12. Rc1 Qa5 13. a3 b5 14. c5 Qc7 15. Nf3
Ne4 16. Nfe5 Nxe5 17. dxe5 a6 18. Bd4 Qa7 19. e3 Ng5 20. Nf4 Rf8 21. f3 f6 22.
b4 Qc7 23. h4 fxe5 24. hxg5 Bxg5 25. e4 exf4 26. exf5 e5 27. Bf2 fxg3 28. Bxg3
Be3+ 29. Kh2 Bxc1 30. Qxc1 Rxf5 31. Bh3 Rh5 32. Kg2 Rf8 33. Qe3 Rg5 34. Kh2 Re8
35. f4 Rxg3 36. Qxg3 e4 37. Qg6 Rf8 38. Be6+ Kh8 39. Bf5 Kg8 1/2-1/2

[Event "9. LGA Premium Cup 2012"]
[Site "Nürnberg"]
[Date "2012.09.07"]
[Round "3.74"]
[White "Thürauf, Peter"]
[Black "Göttle, Artur"]
[Result "0-1"]
[WhiteElo "1876"]
[BlackElo "2075"]
[PlyCount "100"]
[EventDate "2012.??.??"]
[WhiteTeam "SW Nürnberg Süd e.V."]
[BlackTeam "SC Dillingen"]

1. d4 d6 2. Nf3 g6 3. c4 Bg7 4. Nc3 Nd7 5. g3 c5 6. Bg2 Ngf6 7. O-O O-O 8. h3
Rb8 9. Be3 a6 10. a4 b6 11. d5 Ne8 12. Qd2 Nc7 13. Bh6 b5 14. Bxg7 Kxg7 15.
axb5 axb5 16. cxb5 Nxb5 17. Nxb5 Rxb5 18. Ra4 h6 19. Rh4 Rh8 20. Qc3+ Nf6 21.
Nd2 Qa5 22. Qe3 Qc7 23. b3 Bb7 24. Qd3 Ba6 25. Ra4 Ra5 26. Qf3 Rxa4 27. bxa4
Qa5 28. Nb3 Qxa4 29. Ra1 Qb5 30. e4 Qd3 31. Qxd3 Bxd3 32. e5 Ne8 33. Ra7 Kf8
34. f4 g5 35. Kf2 gxf4 36. gxf4 Rg8 37. Bf3 Bf5 38. h4 Bg4 39. Na5 Bxf3 40.
Kxf3 e6 41. dxe6 fxe6 42. exd6 Nxd6 43. Rc7 Nf5 44. Ke4 Nxh4 45. Rxc5 Kf7 46.
Nc4 Kf6 47. Rh5 Nf5 48. Rh3 Rb8 49. Rh2 Rb4 50. Rc2 Rxc4+ 0-1